000 00587cam a2200169 i 4500
999 _c13280
_d13280
020 _a9781259676987 (alk. paper)
082 0 0 _a150.72/1
_b10367
100 1 _aCozby, Paul C.,
245 1 0 _aMethods in behavioral research /
_cPaul C. Cozby, California State University, Fullerton, Scott C. Bates, Utah State University.
250 _aThirteenth Edition.
300 _axix, 428 pages ;
_billustrations ;
500 _aRevised edition of the authors' Methods in behavioral research, [2015]
650 0 _aPsychology
650 0 _aSocial sciences
700 1 _aBates, Scott,
942 _cBK